| 000 | 00491nam a22001937a 4500 | ||
|---|---|---|---|
| 003 | MPLRDC | ||
| 005 | 20220104144144.0 | ||
| 008 | 210129b ||||| |||| 00| 0 eng d | ||
| 020 | _a7-5007-0680-4 | ||
| 082 | _a308.9 SNBK v.36 | ||
| 100 | _a陈念贻 | ||
| 245 |
_a稀奇的金属 _c |
||
| 250 | _a初版 | ||
| 260 |
_a _b中国少年儿童出版社 _c1989 |
||
| 300 | _b平 | ||
| 490 | _a少年百科丛书精选本 | ||
| 650 | _a儿童用科学丛书 | ||
| 942 |
_cBK _o308.9 SNBK v.36 |
||
| 999 |
_c46903 _d46893 |
||